| 000 | 00456nam a2200169Ia 4500 | ||
|---|---|---|---|
| 008 | 110201s9999 xx 000 0 und d | ||
| 082 |
_bB10556 _aBAL 2378 |
||
| 100 | _aThomas Vernon | ||
| 245 | _aEven Tales From the Pancharatha | ||
| 260 | _bBetter your Self Books | ||
| 365 | _b10 | ||
| 600 | _aThomas Vernon | ||
| 630 | _aEven Tales From the Pancharatha | ||
| 700 | _aThomas Vernon | ||
| 730 | _aEven Tales From the Pancharatha | ||
| 942 | _cBOOK | ||
| 999 |
_c835952 _d835949 |
||